Hyderabad: memoirs of a city (Record no. 378819)

000 -LEADER
fixed length control field 00393cam a22001337a 4500
008 - FIXED-LENGTH DATA ELEMENTS--GENERAL INFORMATION
fixed length control field 180718b1995 xxu||||| |||| 00| 0 eng d
082 ## - DEWEY DECIMAL CLASSIFICATION NUMBER
Classification number A6x5451 L977h
100 ## - MAIN ENTRY--PERSONAL NAME
Personal name Luther, Narendra
245 ## - TITLE STATEMENT
Title Hyderabad: memoirs of a city
Statement of responsibility, etc. by Narendra Luther
260 ## - PUBLICATION, DISTRIBUTION, ETC.
Place of publication, distribution, etc. Hyderabad
Name of publisher, distributor, etc. Orient Longman
Date of publication, distribution, etc. 1995
300 ## - PHYSICAL DESCRIPTION
Extent 431p.
650 ## - SUBJECT ADDED ENTRY--TOPICAL TERM
Topical term or geographic name entry element Cities and towns - India - Hyderabad
650 ## - SUBJECT ADDED ENTRY--TOPICAL TERM
Topical term or geographic name entry element Cities and towns
Holdings
Withdrawn status Lost status Damaged status Not for loan Permanent Location Current Location Date acquired Full call number Barcode Date last seen Price effective from Koha item type
        Indian Institute of Public Administration Indian Institute of Public Administration 1996-07-11 A6x5451 L977h 70413 2018-07-21 2018-07-21 Book

Powered by Koha